[Event "AUTO-ADV-260"]
[Site "http://www.queenalice.com/game.php?id=110628"]
[Date "2006.9.27"]
[Round "1"]
[White "Hades"]
[Black "bloodrayne"]
[Result "1-0"]
[WhiteElo "1829"]
[BlackElo "1364"]

1. e4 e5 2. Nf3 Bd6 3. Bc4 h6 4. d3 Qf6 5. Nc3 c6 6. O-O Ne7 7. Be3 O-O 8. a3 b5
9. Bb3 a5 10. Qe2 Kh8 11. d4 a4 12. Ba2 Ng6 13. Rad1 Bb7 14. d5 Nh4 15. Nxh4
Qxh4 16. h3 Be7 17. Qg4 Qxg4 18. hxg4 d6 19. f3 Nd7 20. g3 cxd5 21. Nxd5 Bd8 22.
f4 exf4 23. gxf4 Nf6 24. Nxf6 Bxf6 25. c3 Be7 26. e5 dxe5 27. fxe5 f6 28. Rd7
Bxa3 29. bxa3 Bc8 30. Re7 Bxg4 31. exf6 1-0

[Event "AUTO-ADV-260"]
[Site "http://www.queenalice.com/game.php?id=110629"]
[Date "2006.9.27"]
[Round "1"]
[White "bloodrayne"]
[Black "Hades"]
[Result "0-1"]
[WhiteElo "1829"]
[BlackElo "1812"]

1. e4 e5 2. Bc4 Nf6 3. d3 Bc5 4. h3 O-O 5. c3 d6 6. Qf3 a6 7. a4 Bd7 8. Ne2 c6
9. Bg5 b5 10. Bxf6 Qxf6 11. Qxf6 gxf6 12. axb5 cxb5 13. Bd5 Bc6 14. Bxc6 Nxc6
15. Nd2 Kh8 16. O-O Rg8 17. b4 Bb6 18. Kh2 a5 19. f4 Rg7 20. f5 Rag8 21. Rg1
Bxg1+ 22. Rxg1 axb4 23. cxb4 Nxb4 24. d4 Nc2 25. dxe5 dxe5 26. Nc3 Ne3 27. Nxb5
Rxg2+ 0-1

[Event "Capa-Fischer Board 13"]
[Site "http://www.queenalice.com/game.php?id=111041"]
[Date "2006.9.28"]
[Round "-"]
[White "Hades"]
[Black "Masegui"]
[Result "0-1"]
[WhiteElo "1729"]
[BlackElo "2078"]

1. e4 c5 2. c4 Nc6 3. Nf3 e5 4. Nc3 d6 5. d3 f5 6. Bg5 Be7 7. Bd2 Nf6 8. Qc2 O-O
9. O-O-O Nd4 10. Nxd4 cxd4 11. Ne2 Ng4 12. Be1 fxe4 13. dxe4 Nxf2 14. Bxf2 Rxf2
15. g3 Be6 16. Qd3 Rc8 17. b3 d5 18. exd5 Bf5 19. Qd2 Ba3+ 20. Qb2 Qg5+ 21. Rd2
Bxb2+ 22. Kd1 Bc3 23. Ke1 Qe3 24. h3 Bc2 25. g4 Bxd2# 0-1

[Event "AUTO-ADV-312"]
[Site "http://www.queenalice.com/game.php?id=132295"]
[Date "2006.11.22"]
[Round "1"]
[White "Hades"]
[Black "Hernani"]
[Result "1-0"]
[WhiteElo "1692"]
[BlackElo "1919"]

1. e4 c5 2. c4 d6 3. Nf3 Nc6 4. Nc3 Bg4 5. Be2 g6 6. d3 Bg7 7. O-O Nf6 8. Bg5 a5
9. Nb5 O-O 10. h3 Be6 11. b3 Rc8 12. Rb1 h6 13. Bf4 1-0

[Event "AUTO-ADV-312"]
[Site "http://www.queenalice.com/game.php?id=132296"]
[Date "2006.11.22"]
[Round "1"]
[White "Hernani"]
[Black "Hades"]
[Result "0-1"]
[WhiteElo "1894"]
[BlackElo "1717"]

1. e4 e5 2. Nf3 Nc6 3. Bb5 Nf6 4. O-O Nxe4 5. d4 a6 6. Bxc6 dxc6 7. Qe2 Bf5 8.
g4 Bg6 9. h4 f5 10. Nxe5 Qxd4 11. Nxg6 hxg6 12. Nc3 O-O-O 0-1

[Event "AUTO-ADV-312"]
[Site "http://www.queenalice.com/game.php?id=132297"]
[Date "2006.11.22"]
[Round "1"]
[White "Hades"]
[Black "josecastroman"]
[Result "0-1"]
[WhiteElo "1740"]
[BlackElo "1943"]

1. e4 e5 2. Nf3 Nc6 3. Bc4 Bc5 4. d3 h6 5. O-O Nf6 6. Nc3 d6 7. a3 Bg4 8. h3 Bh5
9. b4 Bb6 10. Qe1 Bxf3 11. gxf3 Nd4 12. Kg2 Nxc2 13. Qe2 Nxa1 14. Bb2 Nh5 15.
Kh2 Nf4 16. Qd2 Qh4 17. Qxf4 Qxf4+ 18. Kg1 Nc2 19. Nd5 Qh4 20. Kh2 Bxf2 21.
Nxc7+ Kd7 22. Nxa8 Qg3+ 23. Kh1 Qxh3# 0-1

[Event "AUTO-ADV-312"]
[Site "http://www.queenalice.com/game.php?id=132298"]
[Date "2006.11.22"]
[Round "1"]
[White "josecastroman"]
[Black "Hades"]
[Result "1-0"]
[WhiteElo "1804"]
[BlackElo "1858"]

1. e4 e5 2. Nf3 Nc6 3. Bc4 d6 4. Nc3 Bg4 5. h3 Bxf3 6. Qxf3 Qd7 7. d3 Nf6 8. Bg5
Be7 9. Bb5 a6 10. Ba4 b5 11. Bb3 Nd4 12. Qd1 Nxb3 13. cxb3 b4 14. Bxf6 Bxf6 15.
Nd5 Bg5 16. O-O c6 17. Nb6 Qb7 18. Nc4 Rd8 19. Qg4 f6 20. Rad1 O-O 21. h4 Bf4
22. Qe6+ Qf7 23. Qg4 f5 24. exf5 Qxf5 25. Qf3 d5 26. Nb6 e4 27. dxe4 Qxe4 28.
Qxe4 dxe4 29. Nc4 Rxd1 30. Rxd1 h5 31. g3 Bc7 32. Rd7 Bb8 33. Nd6 Bxd6 34. Rxd6
Rf6 35. Rd4 c5 36. Rxe4 Rd6 37. Rc4 Rd5 38. Rc2 Kf7 39. Kg2 Kf6 40. f3 Kf5 41.
Kf2 g6 42. Ke3 Re5+ 43. Kf2 a5 44. a3 Rd5 45. Ke3 Re5+ 46. Kd3 Rd5+ 47. Kc4 Ke5
48. Re2+ Kd6 49. axb4 cxb4 50. Re3 Rc5+ 51. Kd3 Rd5+ 52. Ke2 Re5 53. Rxe5 Kxe5
54. Ke3 Kf5 55. Kd4 Ke6 56. Ke4 Kf6 57. g4 Ke6 58. g5 Kd6 59. f4 1-0

[Event "AUTO-OPEN-352"]
[Site "http://www.queenalice.com/game.php?id=175698"]
[Date "2007.3.1"]
[Round "2"]
[White "Hades"]
[Black "Baranduin"]
[Result "1-0"]
[WhiteElo "1831"]
[BlackElo "1570"]

1. e4 c5 2. Bc4 e6 3. Nf3 Nc6 4. d3 Nf6 5. O-O Be7 6. Nc3 O-O 7. Bf4 d5 8. Bb5
Bd7 9. a3 a6 10. Bxc6 Bxc6 11. Qe2 b5 12. b4 1-0

[Event "AUTO-OPEN-352"]
[Site "http://www.queenalice.com/game.php?id=175699"]
[Date "2007.3.1"]
[Round "2"]
[White "Baranduin"]
[Black "Hades"]
[Result "0-1"]
[WhiteElo "1564"]
[BlackElo "1837"]

1. Nf3 d5 2. d4 Nf6 3. c4 e6 4. g3 Bb4+ 5. Bd2 Nc6 6. Bg2 O-O 7. O-O a6 8. Qc2
g6 9. Bh6 Re8 10. a3 Bd6 0-1

[Event "AUTO-ADV-640"]
[Site "http://www.queenalice.com/game.php?id=268066"]
[Date "2007.9.7"]
[Round "1"]
[White "Hades"]
[Black "Melckio"]
[Result "0-1"]
[WhiteElo "1777"]
[BlackElo "1929"]

1. e4 c5 2. d3 Nc6 3. Nc3 Nf6 4. Nf3 d6 5. Bf4 e6 6. Be2 Be7 7. O-O O-O 8. a3
Nd7 9. d4 cxd4 10. Nxd4 Nxd4 11. Qxd4 e5 12. Qd2 exf4 0-1

[Event "AUTO-ADV-640"]
[Site "http://www.queenalice.com/game.php?id=268081"]
[Date "2007.9.7"]
[Round "1"]
[White "Capivara"]
[Black "Hades"]
[Result "1-0"]
[WhiteElo "1979"]
[BlackElo "1798"]

1. d4 d5 2. Nf3 Nc6 3. Bf4 Bf5 4. e3 e6 5. Nbd2 Bb4 6. c3 Bd6 7. Bg5 Be7 8. Bf4
Nf6 9. Bb5 Qd7 10. Ne5 Qd8 11. Nxc6 1-0